Carta política dirigida por Juan E. Mackenna, ex Ministro de Relaciones Esteriores de Chile a su hijo Juan Mackenna Eyzaguirre: Reproducción de un folleto que se imprime en Nueva York
Guardat en:
| Autor principal: | |
|---|---|
| Format: | Llibre |
| Idioma: | espanyol |
| Publicat: |
Valparaíso
Imprenta Mercantil, calle del Teatro, 56
1893
|
| Edició: | 1a. ed |
| Matèries: | |
| Etiquetes: |
Afegir etiqueta
Sense etiquetes, Sigues el primer a etiquetar aquest registre!
|
MARC
| LEADER | 00000nam a2200000 a 4500 | ||
|---|---|---|---|
| 001 | UCJ3082 | ||
| 003 | CL-VaPUC | ||
| 008 | 070124e18930000CL |||||||||||||||||spa|d | ||
| 082 | 0 | 4 | |a 983 |b MAC |2 21 |
| 100 | |a Mackenna Astorga, Juan Eduardo |e autor |9 506742 | ||
| 245 | 1 | 0 | |a Carta política dirigida por Juan E. Mackenna, ex Ministro de Relaciones Esteriores de Chile a su hijo Juan Mackenna Eyzaguirre: Reproducción de un folleto que se imprime en Nueva York |
| 250 | |a 1a. ed | ||
| 300 | |a 185 p | ||
| 942 | |c BK | ||
| 945 | |d 20070124 00:00:00 |a rinostro | ||
| 260 | |a Valparaíso |b Imprenta Mercantil, calle del Teatro, 56 |c 1893 | ||
| 500 | |a La c. 2 se encuentra empastada junto a otras monografías en un volumen rotulado Revolución de Chile, ubicado en 983 MAC | ||
| 600 | 0 | |a Balmaceda Fernández, José Manuel, |d 1840-1891 |9 315369 | |
| 600 | 0 | |a Mackenna Eyzaguirre, Juan, |d ?-1929 |9 504355 | |
| 650 | 0 | |a Historia de Chile |9 265473 | |
| 650 | 7 | |a GUERRA CIVIL DE 1891 |2 CL-VaPUC |9 408173 | |
| 650 | 7 | |a SAQUEO DE SANTIAGO EN 1891 |2 CL-VaPUC |9 504356 | |
| 650 | 0 | |a Presidentes de Chile |9 268293 | |
| 650 | 7 | |a EPISTOLARIO |2 CL-VaPUC |9 321776 | |
| 650 | 0 | |a Correspondencia |9 258963 | |
| 650 | 7 | |a DOCUMENTOS |2 CL-VaPUC |9 366450 | |
| 650 | 7 | |a FUENTES |2 CL-VaPUC |9 255666 | |
| 583 | |a last modification |c 20070124 00:00:00 |k Rodrigo Vera | ||
| 999 | |c 319205 |d 319203 | ||
| 952 | |0 0 |1 0 |4 0 |6 983_000000000000000_MAC_1893 |7 0 |8 X |9 397467 |a FDOBUD |b FDOBUD |d 2019-11-22 |i 1008994 |o 983 MAC 1893 |p 1008994 |r 2019-11-22 |w 2019-11-22 |y BK_X |k BUD | ||
| 952 | |0 0 |1 0 |4 0 |6 983_000000000000000_MAC_1893 |7 0 |8 X |9 397468 |a FDOBUD |b FDOBUD |d 2019-11-22 |i 1031627 |o 983 MAC 1893 |p 1031627 |r 2019-11-22 |w 2019-11-22 |y BK_X |k BUD | ||